Abraham Maslow : un psicólogo en la encrucijada : evocación de un centenario, 1908-2008 (Record no. 144821)

MARC details
000 -CABECERA
campo de control de longitud fija 00617nab a2200193 a 4500
005 - FECHA Y HORA DE LA ÚLTIMA TRANSACCIÓN
campo de control 20210219160805.0
008 - ELEMENTOS DE LONGITUD FIJA--INFORMACIÓN GENERAL
campo de control de longitud fija 991125s1985 mx 000 0 spa u
035 ## - NÚMERO DE CONTROL DEL SISTEMA
Número de control de sistema UPN01000172717
100 1# - ASIENTO PRINCIPAL--NOMBRE PERSONAL
Nombre de persona Carpintero, Helio
222 ## - TÍTULO CLAVE
Título clave REVISTA DE PSICOLOGIA GENERAL Y APLICADA
245 ## - MENCIÓN DE TÍTULO
Título Abraham Maslow : un psicólogo en la encrucijada : evocación de un centenario, 1908-2008
260 ## - PUBLICACIÓN, DISTRIBUCIÓN, ETC.
Lugar de publicación, distribución, etc. Santiago de Compostela, España
300 ## - DESCRIPCIÓN FÍSICA
Extensión 117-128
362 0# - FECHAS DE PUBLICACIÓN Y/O DESIGNACIÓN SECUENCIAL
Fecha de publicación y/o designación secuencial 2008 Vol. 61, no. 2, abr.
653 0# - TERMINO DE INDIZACION - NO CONTROLADO
Término no controlado MASLOW, ABRAHAM, 1908-1970
653 0# - TERMINO DE INDIZACION - NO CONTROLADO
Término no controlado PSICOLOGOS
653 0# - TERMINO DE INDIZACION - NO CONTROLADO
Término no controlado PSICOLOGIA CONTEMPORANEA
905 ## - TIPO DE MATERIAL
Tipo de material Articulo

No items available.